| 000 -LEADER |
| fixed length control field |
00287nam a22000977a 4500 |
| 082 ## - DEWEY DECIMAL CLASSIFICATION NUMBER |
| Classification number |
TNC A99 M896 |
| 100 ## - MAIN ENTRY--PERSONAL NAME |
| Personal name |
Mukerji, Bithika |
| 9 (RLIN) |
21585 |
| 245 ## - TITLE STATEMENT |
| Title |
Life and Teachings of Sri Ma Anandamayi : |
| Remainder of title |
A bird on the wing |
| Statement of responsibility, etc |
by Bithika Mukerji |
| 260 ## - PUBLICATION, DISTRIBUTION, ETC. (IMPRINT) |
| Place of publication, distribution, etc |
Delhi |
| Name of publisher, distributor, etc |
Sri satguru |
| Date of publication, distribution, etc |
1997 |
| 300 ## - PHYSICAL DESCRIPTION |
| Extent |
347p. |